000 00738nam a2200205Ia 4500
001 21671
003 GE_BSU
008 181216s||||||||xx |||||||||||||| ||und||
040 _cGE_BSU
080 _aპერიოდიკა
245 _aინოვაციური ეკონომიკა და მართვა №3. ტ. 4. 2017
245 _bInnovative economics and management
245 _cმთ. რედ. გეჩბაია ბ.
260 _aთბილისი
260 _c2017
300 _a123 გვ. ; 29 სმ.
653 _aInnovative economics and management
653 _aინოვაციური ეკონომიკა და მართვა №3. ტ.4. 2017
942 _cCR
999 _c54604
_d54604